| 000 | 00620nam a2200241Ia 4500 | ||
|---|---|---|---|
| 003 | OSt | ||
| 005 | 20250718180543.0 | ||
| 008 | 210423s1998 xx 000 0 und d | ||
| 020 | _a805830219 | ||
| 040 | _cAL | ||
| 041 | _aEnglish | ||
| 082 |
_a070.43 _bGARC |
||
| 100 |
_aBruce Garrison _980206 |
||
| 245 | _aComputer assisted reporting | ||
| 250 | _a2 | ||
| 260 |
_aNew Jersey _bLawrence Erlbaum Associates _c1998 |
||
| 300 |
_axi,487p. _bPB _c23x15cm. |
||
| 365 |
_b3271 _cINR |
||
| 650 |
_aJournalism _980207 |
||
| 650 |
_aReporting _980208 |
||
| 906 | _aassisted ; Computer ; reporting | ||
| 942 |
_2ddc _cBK |
||
| 999 |
_c157587 _d157587 |
||